000 00315nam a22001457a 4500
008 230613b ||||| |||| 00| 0 eng d
020 _a9781305265397
041 _aeng
080 _a615
082 _a615HAL
100 _a16
101 _aEGZ
245 _aAN INVITATION TO HEALTH
_cHALES .D
942 _2udc
_cBK
999 _c59953
_d59953